Statistics for Billie Jean - Michael Jackson - All Lyrics

Click here to take the quiz!

General Stats

  • This quiz has been taken 154 times
  • The average score is 407 of 501

Answer Stats

Answer% Correct
a
100%
I
98%
She
98%
(She
98%
she
98%
the
98%
hoo)
97%
(Hoo)
97%
hoo,
97%
(Oh,
97%
ohh)
97%
(Ooh)
97%
on
96%
am
95%
my
95%
Billie
94%
Jean
94%
girl
93%
girl)
93%
is
93%
(No)
93%
no)
93%
no
93%
no,
93%
(No,
93%
(No-no)
93%
no-no
93%
No-no
93%
no-no)
93%
(No-no
93%
(No-no-no,
93%
No-no-no
93%
(No-no-no)
93%
no-no-no
93%
No-no-no,
93%
not
93%
one
93%
Hey-ey
92%
love
92%
who
91%
Who
91%
"Be
90%
be
90%
he
90%
So
90%
Just
89%
just
89%
son
89%
lover
86%
me,
86%
me
86%
but
85%
But
85%
Do
85%
do
85%
kid
85%
to
85%
you
84%
She's
83%
She’s
83%
she's
83%
was
83%
like
82%
movie
81%
go
80%
in
80%
scene
80%
told
80%
what
80%
don't
79%
Don’t
79%
(Don't
79%
"Don't
79%
queen
79%
said
79%
said,
79%
always
78%
floor
78%
that
78%
beauty
77%
then
77%
Then
77%
around
76%
careful
76%
dance
76%
from
75%
girls'
75%
Her
75%
her
75%
young
75%
And
73%
and
73%
hearts"
73%
hearts)
73%
more
73%
break
72%
says
72%
breakin'
70%
name
70%
People
68%
round,
68%
round
68%
round?”
68%
think
68%
of
65%
at
62%
mother
62%
‘Cause
61%
'Cause
61%
'cause
61%
mean,
59%
will
59%
baby)
58%
baby
58%
claims
57%
eyes
57%
twice
57%
twice)
57%
twice!
57%
as
56%
mine
56%
for
54%
For
54%
lie
54%
mind,
53%
truth"
53%
caused
52%
we
52%
remember
50%
becomes
49%
days
49%
looked
49%
nights,
49%
with
49%
when
48%
forty
46%
bein'
43%
can
43%
danced
43%
his
41%
side
41%
were
40%
perfume
39%
photo
39%
too
39%
showed
38%
three,
38%
by
37%
smell
37%
every
36%
sweet
36%
advice
35%
head
35%
right
34%
came
32%
room
32%
take
32%
turned
32%
demand?
30%
plans
30%
stand
30%
strong
30%
law
29%
dreamed
28%
schemes
28%
'til
28%
cryin',
26%
stood
26%
This
25%
soon
24%
we'd
23%
called
22%
much
22%
happened
20%

Score Distribution

Percentile by Number Answered

Percent of People with Each Score

Your Score History

You have not taken this quiz